banner koha

Caracterização físico-química de amostras de mel de abelha africanizada dos municípios de Santa Helena e Terra Roxa (PR) (Registro n. 242076)

MARC details
000 -LÍDER
campo de controle de tamanho fixo 01126nas a2200361 4500
001 - NÚMERO DE CONTROLE
campo de controle BR2015000741
003 - IDENTIFICADOR DO NÚMERO DE CONTROLE
campo de controle BR-BrBNA
005 - DATA E HORÁRIO DA ÚLTIMA TRANSAÇÃO
campo de controle 20231205125012.0
007 - CAMPO FIXO DE DESCRIÇÃO FÍSICA--INFORMAÇÃO GERAL
campo de controle de tamanho fixo ta
008 - CAMPO DE DADOS FIXOS--INFORMAÇÃO GERAL
campo de controle de tamanho fixo 230509b bl.|||p| |||| 00| 00por d
040 ## - FONTE DA CATALOGAÇÃO
Instituição da catalogação original BR-BrBNA
Idioma da catalogação por
Instituição que transcreveu o registro Biblioteca Nacional de Agricultura
041 ## - CÓDIGO DE IDIOMA
Código do idioma do texto/trilha sonora ou título diferente (Pt)
072 ## - CÓDIGO DE CATEGORIA DE ASSUNTO
Código de Categoria de Assunto L01
100 1# - ENTRADA PRINCIPAL--NOME PESSOAL
Nome pessoal Moraes, F.J.
100 1# - ENTRADA PRINCIPAL--NOME PESSOAL
Nome pessoal Garcia, R.C.
100 1# - ENTRADA PRINCIPAL--NOME PESSOAL
Nome pessoal Vasconcelos, E.
100 1# - ENTRADA PRINCIPAL--NOME PESSOAL
Nome pessoal Camargo, S.C.
100 1# - ENTRADA PRINCIPAL--NOME PESSOAL
Nome pessoal Pires, B.G.
100 1# - ENTRADA PRINCIPAL--NOME PESSOAL
Nome pessoal Hartleben, A.M.
100 1# - ENTRADA PRINCIPAL--NOME PESSOAL
Nome pessoal Liesenfeld, F.
100 1# - ENTRADA PRINCIPAL--NOME PESSOAL
Nome pessoal Pereira, D.J.
100 1# - ENTRADA PRINCIPAL--NOME PESSOAL
Nome pessoal Mittanck, E.S.
100 1# - ENTRADA PRINCIPAL--NOME PESSOAL
Nome pessoal Giasson, J.
100 1# - ENTRADA PRINCIPAL--NOME PESSOAL
Nome pessoal Gremaschi, J.R.
245 1# - TÍTULO
Título Caracterização físico-química de amostras de mel de abelha africanizada dos municípios de Santa Helena e Terra Roxa (PR)
650 ## - ASSUNTO--TERMO TÓPICO
Cabeçalho tópico ou nome geográfico ABELHA
650 ## - ASSUNTO--TERMO TÓPICO
Cabeçalho tópico ou nome geográfico MEL
650 ## - ASSUNTO--TERMO TÓPICO
Cabeçalho tópico ou nome geográfico PROPRIEDADE FÍSICO-QUÍMICA
650 ## - ASSUNTO--TERMO TÓPICO
Cabeçalho tópico ou nome geográfico CONTROLE DE QUALIDADE
773 0# - ENTRADA ANALÍTICA
Título Arquivo Brasileiro de Medicina Veterinária e Zootecnia (Brazil)
ISSN - International Standard Serial Number ISSN 0102-0935
Partes relacionadas (Aug 2014), v. 66(4) p. 1269-1275
Número de controle do registro BR2015000741
909 ## -
-- 202311
-- Lúcia
-- 55
-- Lúcia Elande
942 ## - ELEMENTOS DE ENTRADA ADICIONADOS (KOHA)
Fonte da classificação ou esquema de arquivamento na estante Classificação AGRIS
Ocultar no OPAC Não
Tipo de material Koha Analítica
Exemplares
Situação do descarte Fonte da classificação ou esquema de arquivamento na estante Situação física Não pode ser emprestado Biblioteca de origem Biblioteca atual Localização na estante Enumeração do periódico / cronologia Total de empréstimos Data de último acesso Número do exemplar Tipo de material Koha Fonte de aquisição
  Classificação AGRIS   Consulta local Biblioteca Nacional de Agricultura - Binagri Biblioteca Nacional de Agricultura - Binagri   (Aug 2014), v. 66(4) p. 1269-1275   29/11/2023 01 Periódicos Portaria Interministerial nº 164/94

BINAGRI

Telefone: (61)3218-2567/2388/3357/2097 - binagri@agro.gov.br

Ministério da Agricultura e Pecuária , Esplanada dos Ministérios, Bloco D, Anexo B, Brasília/DF, CEP: 70.043-900